000 00594nam a2200217Ia 4500
003 IN-BaIIA
008 211028s9999 xx 000 0 eng d
020 _a0-85274-171-5
040 _cIIA Library
080 _a535.8
_bMAX
100 _aMaxwell, Jonathan
_97245
245 0 _aCatadioptric imaging systems
_cJonathan Maxwell
260 _aLondon
_bAdam Hilger
_c1972
300 _aviii, 102p.
490 _aMonographs on applied optics; no. 6
650 _aCatadioptric telescopes
_97246
650 _aImaging systems
_97247
650 _aNASA thesaurus
650 _aOptics
942 _cBK
999 _c4103
_d4103